|
|
|
|
| LEADER |
00913nam a22002657a 4500 |
| 001 |
42438 |
| 003 |
BD-DhAAL |
| 005 |
20240709104528.0 |
| 008 |
240401t2011 enk||||| |||| 00| 0 eng d |
| 020 |
|
|
|a 9781440880993
|
| 020 |
|
|
|a 9781408812044 (e-book)
|
| 040 |
|
|
|a BD-DhAAL
|d BD-DhAAL
|
| 082 |
|
|
|a 823.92
|2 22
|
| 100 |
|
|
|a Jacobson, Howard.
|9 56190
|
| 245 |
|
|
|a The Finkler question /
|c Howard Jacobson.
|
| 264 |
|
|
|a London :
|b Bloomsbury publishing,
|c 2011.
|
| 300 |
|
|
|a 575 pages ;
|c 23 cm.
|
| 526 |
|
|
|a AAL
|
| 541 |
|
|
|a R K Corporation
|e 42438
|
| 586 |
|
|
|a Man Booker Prize for Fiction, 2010.
|
| 650 |
|
|
|a Male friendship
|v Fiction.
|
| 650 |
|
|
|a Older men
|v Fiction.
|
| 942 |
|
|
|2 ddc
|c BK
|
| 999 |
|
|
|c 46491
|d 46491
|
| 952 |
|
|
|0 0
|1 0
|2 ddc
|4 0
|6 823_920000000000000_JAC
|7 0
|9 75300
|a BRACUL
|b BRACUL
|c AWC
|d 2024-03-28
|e R K Corporation
|g 1080.00
|l 3
|o 823.92 JAC
|p 3010042438
|r 2025-05-05
|s 2025-04-24
|t 1
|v 1080.00
|w 2024-03-28
|y AWC
|